| 000 | 00658nam a2200193Ia 4500 | ||
|---|---|---|---|
| 001 | 11465 | ||
| 003 | GE_BSU | ||
| 008 | 181216s||||||||xx |||||||||||||| ||und|| | ||
| 040 | _cGE_BSU | ||
| 100 | _aდავითაშვილი,მიხეილ. | ||
| 245 | _aჩაი ჩვენი,ქართული. | ||
| 245 | _cრედ:გ.ვარდოსიანიძე; მხატვ:გ.იაშვილი. | ||
| 260 | _aთბილისი | ||
| 260 | _bსაქ.კპ ცკ-ის გამ-ბა. | ||
| 260 | _c1966 | ||
| 300 | _a154გვ.21სმ. | ||
| 653 | _aჩაი ჩვენი,ქართული. | ||
| 942 | _cBK | ||
| 999 |
_c44662 _d44662 |
||